People without head by picture - Statistics

General Stats
  • This quiz has been taken 141 times
  • The average score is 10 of 16
Answer Stats
Picture Answer % Correct
Queen Elizabeth II
94%
Arnold Schwarzenegger
81%
Mother Teresa
79%
Kim Jong-un
77%
Stephen Hawking
75%
Tiger Woods
71%
Angela Merkel
69%
Diego Maradona
66%
Freddie Mercury
63%
Britney Spears
60%
Dalai Lama
59%
Greta Thunberg
48%
Yasser Arafat
43%
Elton John
40%
Benito Mussolini
36%
Gene Simmons
21%
No matching quizzes found
Score Distribution
Percent of People with Each Score
Percentile by Number Answered
Your Score History
You have not taken this quiz